Statistics for Most Favorited Dance Styles

Click here to take the quiz!

General Stats

  • This quiz has been taken 15 times
  • The average score is 3 of 9

Answer Stats

HintAnswer% Correct
3Ballet
86%
1Hip Hop
71%
4Jazz
71%
6Tango
50%
7Waltz
50%
5Swing
7%
8B-Boying
0%
9Line Dancing
0%
2Tap Dancing
0%

Score Distribution

Percentile by Number Answered

Percent of People with Each Score

Your Score History

You have not taken this quiz